Súčasné problémy vysokého školstva na Slovensku

Pojem inteligencia. Náčrt základnej funkcie vysokých škôl. Zdôvodnenie nízkej úrovne vysokého školstva v SR z roku 2006. Nevyhnutnosť riešenia otázok.

Salvato in:
Dettagli Bibliografici
Autore principale: Lipták, František
Natura: Capitolo di libro
Lingua:slovacco
Soggetti:
Tags: Aggiungi Tag
Nessun Tag, puoi essere il primo ad aggiungerne!!

MARC

LEADER 00000naa a2200000 4500
001 0208039
005 20220518072647.3
041 0 |a slo 
044 |a SK 
245 1 0 |a Súčasné problémy vysokého školstva na Slovensku  |c František Lipták 
520 |a Pojem inteligencia. Náčrt základnej funkcie vysokých škôl. Zdôvodnenie nízkej úrovne vysokého školstva v SR z roku 2006. Nevyhnutnosť riešenia otázok. 
610 2 0 |a školy vysoké 
610 2 0 |a vedomosti 
610 2 0 |a úroveň vzdelanostná 
610 2 0 |a politika vzdelávania 
100 1 |a Lipták, František